| 000 | 00620nam a2200229Ia 4500 | ||
|---|---|---|---|
| 003 | OSt | ||
| 005 | 20220924144455.0 | ||
| 006 | a|||||r|||| 00| 0 | ||
| 007 | ta | ||
| 008 | 220923b |||||||| |||| 00| 0 urd d | ||
| 024 | _a314715 | ||
| 037 | _cTextual | ||
| 040 |
_aARTS _cARTS _burd |
||
| 041 |
_2urd _aurd |
||
| 082 | _aO168,1N1F1x, M3 | ||
| 100 |
_aSiddiqi Saadat Ali Ed. _9217672 |
||
| 245 | 0 |
_aHadees-e-Mohabbat _b Intekhab Kalam Farukh Qadri |
|
| 260 | _c1983 | ||
| 650 | _aURDU POETRY | ||
| 942 |
_hO168,1N1F1x, M3 _cTEXL _2CC |
||
| 999 |
_c457154 _d457154 |
||